Normal view
MARC view
Entry Personal Name
001 - CONTROL NUMBER
- control field: 744634
003 - CONTROL NUMBER IDENTIFIER
- control field: OSt
005 - DATE AND TIME OF LATEST TRANSACTION
- control field: 20250317125716.0
008 - FIXED-LENGTH DATA ELEMENTS
- fixed length control field: 250317|| aca||aabn | a|a d
040 ## - CATALOGING SOURCE
- Original cataloging agency: OSt
- Transcribing agency: OSt
100 ## - HEADING--PERSONAL NAME
- Personal name: Emery D R
670 ## - SOURCE DATA FOUND
- Source citation: Work cat.: (OSt)1260615: Emery D R, Principles of fice with corporate applications, 1991
